000 00675nam a22002057a 4500
999 _c13119
_d13119
003 AR-CdUCM
008 190411b ||||| |||| 00| 0 spa d
040 _aMUNICIPALIDAD PROVINCIAL DEL CUSCO
_cBIBLIOTECA MUNICIPAL DEL CUSCO
082 _aC / 581.985 /
_bV32
100 _aVargas C., César
_931325
245 _aRevisión analítica de algunos géneros de la flora del Cuzco /
260 _aCusco :
_c1944.
300 _a249-281 páginas ;
_c20 cm.
505 _aContenido: Estudio sobre la flora del Cusco.
650 _aFlora del Cusco
_931326
650 _aGeneres de la flora
_931327
650 _aCusco
_9772
942 _2ddc
_cLIBROS
945 _adavv
_d11/04/2019